5HLuxD.jpg

KING HENRY VIII SENIOR AND PRIMARY SCHOOL LIBRARY OPAC

Forest of secrets / (Record no. 916)

000 -LEADER
fixed length control field 01575cam a2200325 a 4500
001 - CONTROL NUMBER
control field (Sirsi) a949396
003 - CONTROL NUMBER IDENTIFIER
control field OSt
005 - DATE AND TIME OF LATEST TRANSACTION
control field 20191226142131.0
008 - FIXED-LENGTH DATA ELEMENTS--GENERAL INFORMATION
fixed length control field 150727s2015 nyua cr 000 1 eng d
020 ## - INTERNATIONAL STANDARD BOOK NUMBER
International Standard Book Number 9780062366986
040 ## - CATALOGING SOURCE
Original cataloging agency NFN
Language of cataloging eng
Transcribing agency TAE
042 ## - AUTHENTICATION CODE
Authentication code nbic
082 ## - DEWEY DECIMAL CLASSIFICATION NUMBER
Classification number FIC HUN
100 1# - MAIN ENTRY--PERSONAL NAME
Personal name Hunter, Erin.
Relator term author
245 10 - TITLE STATEMENT
Title Forest of secrets /
Statement of responsibility, etc. Erin Hunter.
250 ## - EDITION STATEMENT
Edition statement Rev. ed.
260 ## - PUBLICATION, DISTRIBUTION, ETC.
Place of publication, distribution, etc. New York, NY :
Name of publisher, distributor, etc. Harper,
Date of publication, distribution, etc. c2015.
300 ## - PHYSICAL DESCRIPTION
Extent 312 p. :
Other physical details ill. ; map ;
Dimensions 20 cm.
440 ## - SERIES STATEMENT/ADDED ENTRY--TITLE
Title Warriors ;
Number of part/section of a work bk. 1.
440 ## - SERIES STATEMENT/ADDED ENTRY--TITLE
Title The prophecies begin ;
Number of part/section of a work bk. 1.
520 ## - SUMMARY, ETC.
Summary, etc. ADVENTURE STORIES. Join the legion of fans who have made Erin Hunter's Warriors series a national bestseller! This box set--featuring striking new art--includes the first three books in the Warriors series and is the perfect introduction to the epic adventure and thrilling fantasy of the Warriors world.For generations, four Clans of wild cats have shared the forest according to the laws laid down by their warrior ancestors. But now the ThunderClan cats are in grave danger, and sinister ShadowClan grows stronger every day.In the midst of this turmoil appears an ordinary house cat named Rusty...who may yet turn out to be the bravest warrior of them all.Supports the Common Core State Standards.
521 1# - TARGET AUDIENCE NOTE
Target audience note Ages 8-12.
650 #0 - SUBJECT ADDED ENTRY--TOPICAL TERM
Topical term or geographic name entry element Cats
Form subdivision Juvenile fiction.
650 #0 - SUBJECT ADDED ENTRY--TOPICAL TERM
Topical term or geographic name entry element Clans
Form subdivision Juvenile fiction.
650 #0 - SUBJECT ADDED ENTRY--TOPICAL TERM
Topical term or geographic name entry element Quests (Expeditions)
Form subdivision Juvenile fiction.
740 02 - ADDED ENTRY--UNCONTROLLED RELATED/ANALYTICAL TITLE
Uncontrolled related/analytical title Into the wild.
740 02 - ADDED ENTRY--UNCONTROLLED RELATED/ANALYTICAL TITLE
Uncontrolled related/analytical title Fire and ice.
740 02 - ADDED ENTRY--UNCONTROLLED RELATED/ANALYTICAL TITLE
Uncontrolled related/analytical title Forest of secrets.
942 ## - ADDED ENTRY ELEMENTS (KOHA)
Source of classification or shelving scheme
Koha item type Books - Fiction
Holdings
Withdrawn status Lost status Source of classification or shelving scheme Damaged status Not for loan Collection code Permanent Location Current Location Shelving location Date acquired Total Checkouts Full call number Barcode Date last seen Date last checked out Price effective from Koha item type
          Fiction KH8 Senior School Library KH8 Senior School Library Fiction 2019-12-26 2 FIC HUN 3KHSL000101671 2024-09-30 2024-09-25 2019-12-26 Books - Fiction

Powered By KH8 IT Dept